000 00602nam a22001817a 4500
005 20170308123244.0
010 _aENG-117435
020 _a9788183874076
_c995.00
035 _aEN-100967
037 _bDBAD/PUB
082 _a347.54
100 _aReddy G. Ramachandhra
245 _aThe battle against injustice :
_cG.Ramachandhra raddy
_bIs justice getting punished? /
260 _aNew Delhi
_bSerials publications
_c2011
270 _a4830/24, Prahlad street, ansari road darya ganj,
_bNew Delhi
_e110002
300 _axxi,264p.
_c22cm(pbk)
942 _2ddc
_cEN
_h324.254
_kRED
999 _c138139
_d138139